Statistics for A to Z - Words That End in 'A'

Click here to take the quiz!

General Stats

  • This quiz has been taken 132 times
  • The average score is 17 of 26

Answer Stats

ClueWord% Correct
NTeenage Mutant ____ TurtlesNinja
96%
CLong unconsciousnessComa
95%
BIt has a yellow peelBanana
94%
EA period of timeEra
92%
HLaughing animalHyena
92%
SDance; Mexican sauceSalsa
90%
DReading disorder: M=W?Dyslexia
86%
G3rd letter of Greek alphabetGamma
86%
MGreek monster w/ snake hairMedusa
85%
T'Party' w/ this in Boston, 1773Tea
85%
ZCountry in southern AfricaZambia
84%
LLarge, flat strips of pastaLasagna
76%
OMusicians on various instrms.Orchestra
76%
JMain Indonesian islandJava
73%
XFear of foreigners/strangersXenophobia
71%
UIt comes up when rain goes downUmbrella
67%
FHuman bone located in legFibula
56%
VFuturistic-structure city (Spain)Valencia
49%
WInterjection of surpriseWhoa!
49%
KRapper WizKhalifa
48%
AGreek god foodAmbrosia
45%
YUpdog, Downdog, WarriorYoga
43%
IThe property of matterInertia
21%
QLanguage of the IncasQuechua
20%
RDecor in office; insigniaRegalia
17%
PCurrency of TongaPa'anga
5%

Score Distribution

Percentile by Number Answered

Percent of People with Each Score

Your Score History

You have not taken this quiz